Quel est ce fruit ? Version difficile - Statistiques

Statistiques générales
  • Ce quiz a été pris 107 fois
  • Le résultat moyen est 5 sur 20
Statistiques - réponses
Par images Réponse % Correct
Corossol
64%
Durian
63%
Figue de barbarie
45%
Carambole
41%
Akée
40%
Mangoustan
38%
Ramboutan
31%
Fruit du jacquier
30%
Tamarin
26%
Baie de Goji
25%
Main de Bouddha
25%
Longane
14%
Bibasse / Nèfle du Japon
11%
Salak / Fruit serpent
7%
Atte
5%
Kiwano
3%
Chérimolier / Cherimoya
2%
Sapote noire
2%
Jamalac
1%
Tamarillo
1%
Aucun quiz correspondant
Distribution des résultats
% des personnes avec chaque résultat
Percentile par nombre de réponses
Votre historique - résultats
Vous n’avez pas pris ce quiz